000 00760nam a22001337a 4500
040 _cRUA
082 _aAED SIM 2015 B539 Or.1
100 _aSIM PORLEANG; ស៊ីម ប៉ោលៀង
245 _aThe study on economic effeciency of rainy season rice production tang sya commune, phnom srouch district, kampong speu province, ការសិក្សាអំពីប្រសិទ្ធភាពនៃផលិតកម្មស្រូវវស្សាជាលក្ខណៈគ្រួសារក្នុងឃុំតាំងស្យា ស្រុកភ្នំស្រួច ខេត្តកំពង់ស្ពឺ
260 _aPhnom Penh
_bSIM
_c2015
300 _axi,43p.
_bill.
_c29cm.
856 _uSIM PORLEANG.
942 _cAED
999 _c10971
_d10971